Komparácia vzťahov v prírode a ekonomike ako nástroj lepšieho chápania fungovania ekonomických vzťahov diplomová práca

Salvato in:
Dettagli Bibliografici
Autore principale: Halinkovičová, Renáta
Ente Autore: Obchodná fakulta EU. Katedra služieb a cestovného ruchu - zrušené
Altri autori: Litomerický, Juraj
Natura: Libro
Lingua:slovacco
Pubblicazione: Bratislava 2013
Tags: Aggiungi Tag
Nessun Tag, puoi essere il primo ad aggiungerne!!

MARC

LEADER 00000nbm a2200000 4500
001 0169641
005 20161109102317.1
041 0 |a slo 
044 |a SK 
245 1 0 |a Komparácia vzťahov v prírode a ekonomike ako nástroj lepšieho chápania fungovania ekonomických vzťahov  |b diplomová práca  |c Renáta Halinkovičová ; školiteľ: Juraj Litomerický 
264 1 |a Bratislava  |c 2013 
300 |a 61 s. 
100 1 |a Halinkovičová, Renáta 
700 1 |a Litomerický, Juraj 
710 2 |a Obchodná fakulta EU. Katedra služieb a cestovného ruchu - zrušené